[Event "Werther Schloss op 27th"]
[Site "Werther"]
[Date "2024.03.22"]
[Round "3"]
[White "Adiyaman, Rene"]
[Black "Koellner, Christof"]
[Result "1/2-1/2"]
[WhiteElo "2120"]
[BlackElo "2009"]
[PlyCount "132"]
[EventDate "2024.03.21"]
[EventType "swiss"]
[EventRounds "7"]
[EventCountry "GER"]
[SourceTitle "CB13_2024"]
[SourceDate "2024.03.27"]
[SourceVersion "1"]
[SourceVersionDate "2024.03.27"]
[SourceQuality "1"]

1. e4 d6 2. f4 d5 3. d3 dxe4 4. dxe4 Qxd1+ 5. Kxd1 Bg4+ 6. Ke1 Bd7 7. Nc3 Nc6 8. Nge2 Nb4 9. Kd1 0-0-0 10. Bd2 Nf6 11. a3 Nc6 12. h3 e5 13. b4 exf4 14. Nxf4 Bd6 15. Nd3 h6 16. g4 Ne5 17. Bg2 c6 18. Re1 Be6 19. Kc1 Bc4 20. Nb2 Bc7 21. Be3 Be6 22. Nca4 b6 23. Kb1 Ne8 24. Nc3 Nd6 25. Bf1 Ndc4 26. Nxc4 Bxc4 27. Bxc4 Nxc4 28. Ka2 Be5 29. Kb3 Nd2+ 30. Bxd2 Rxd2 31. Re3 Rhd8 32. Rf1 f6 33. Ne2 Rd1 34. Rxd1 Rxd1 35. c4 Re1 36. Kc2 Kd7 37. Kd2 Ra1 38. Rd3+ Ke7 39. Ke3 Re1 40. Kd2 Rh1 41. Rf3 g5 42. Ng3 Bxg3 43. Rxg3 Ke6 44. Rf3 Ra1 45. Rd3 Ke5 46. Ke3 Re1+ 47. Kf3 Rxe4 48. Rd7 Rxc4 49. Rxa7 Rc3+ 50. Kg2 Kf4 51. Rf7 Rc2+ 52. Kf1 Kg3 53. Rxf6 Kxh3 54. Rxh6+ Kxg4 55. a4 Kf3 56. Rf6+ Kg3 57. b5 cxb5 58. axb5 g4 59. Rxb6 Rc1+ 60. Ke2 Kg2 61. Rb8 g3 62. b6 Rb1 63. b7 Rb2+ 64. Ke1 Rb1+ 65. Ke2 Rb2+ 66. Ke1 Rb1+ 1/2-1/2

[Event "Sitges Sunway op 10th"]
[Site "Sitges"]
[Date "2023.12.14"]
[Round "3"]
[White "Samaganova, Alexandra"]
[Black "Koellner, Christof"]
[Result "1-0"]
[WhiteElo "1827"]
[BlackElo "2080"]
[PlyCount "85"]
[EventDate "2023.12.12"]
[EventType "swiss"]
[EventRounds "10"]
[EventCountry "ESP"]
[SourceTitle "CB52_2023"]
[SourceDate "2023.12.27"]
[SourceVersion "1"]
[SourceVersionDate "2023.12.27"]
[SourceQuality "1"]

1. c4 e6 2. Nc3 d5 3. e3 Nf6 4. Nf3 Be7 5. d4 0-0 6. cxd5 exd5 7. Bd3 c6 8. h3 Nbd7 9. 0-0 Bd6 10. Re1 Re8 11. Qc2 Nf8 12. e4 dxe4 13. Nxe4 Nxe4 14. Bxe4 h6 15. Bd2 Be6 16. Rad1 Bc7 17. Re2 Qd6 18. Rde1 Red8 19. a3 a5 20. Qc1 Bb3 21. Re3 a4 22. Bb4 Qf4 23. g3 Qf6 24. Be7 Qe6 25. Bh7+ Nxh7 26. Rxe6 Bxe6 27. Bxd8 Rxd8 28. h4 Nf6 29. Qc2 Bb3 30. Qc5 Bd5 31. Ne5 Bd6 32. Qa5 Re8 33. Nd3 Be4 34. Nc5 Bxc5 35. dxc5 Rf8 36. Qxa4 Bf5 37. Qf4 Bc8 38. b4 Nd5 39. Qd6 Bg4 40. b5 Rc8 41. f3 Bxf3 42. Qd7 Ra8 43. Re8+ 1-0

[Event "Walsrode Chessemy op-A"]
[Site "Walsrode"]
[Date "2023.03.10"]
[Round "7"]
[White "Ramme, Christoph"]
[Black "Koellner, Christof"]
[Result "1-0"]
[WhiteElo "2129"]
[BlackElo "2075"]
[PlyCount "115"]
[EventDate "2023.03.04"]
[EventType "swiss"]
[EventRounds "9"]
[EventCountry "GER"]
[SourceTitle "CBM 213 Extra"]
[Source "ChessBase"]
[SourceDate "2023.05.31"]
[SourceVersion "1"]
[SourceVersionDate "2023.05.31"]
[SourceQuality "1"]

1. d4 d5 2. c4 e6 3. Nf3 Nf6 4. Nc3 Be7 5. Bf4 0-0 6. e3 b6 7. cxd5 Nxd5 8. Nxd5 Qxd5 9. Bd3 Qa5+ 10. Kf1 Ba6 11. Bxc7 Bxd3+ 12. Qxd3 Na6 13. Be5 Nb4 14. Qb3 Qa6+ 15. Kg1 Rac8 16. a3 Nd3 17. h3 Nc1 18. Qd1 Ne2+ 19. Kh2 f6 20. Re1 Nc3 21. Qb3 Qc4 22. Qxc4 Rxc4 23. Nd2 Rc6 24. Bg3 Na4 25. b3 Nb2 26. Ra2 Nd3 27. Rb1 Rfc8 28. b4 Rc2 29. Rba1 Nc1 30. Rxc2 Rxc2 31. Ne4 f5 32. Nd2 a5 33. bxa5 bxa5 34. a4 Bb4 35. Nf3 Nd3 36. Ng5 h6 37. Nxe6 Nxf2 38. Rf1 Ne4 39. Rxf5 g6 40. Rb5 Nd2 41. h4 Nf1+ 42. Kh3 Nxe3 43. Bf4 Nf5 44. h5 Kf7 45. Nd8+ Kg8 46. hxg6 Nxd4 47. Rb8 Kg7 48. Be5+ Kxg6 49. Bxd4 Rd2 50. Nc6 Bd6 51. Rg8+ Kf5 52. Bb6 Rd3+ 53. g3 Ra3 54. Nd4+ Ke4 55. Nb5 Rd3 56. Nxd6+ Rxd6 57. Bxa5 h5 58. Bd8 1-0

[Event "Cattolica Primavera op"]
[Site "Cattolica"]
[Date "2022.03.16"]
[Round "1"]
[White "Koellner, Christof"]
[Black "Dimitrov, Radoslav"]
[Result "0-1"]
[WhiteElo "2142"]
[BlackElo "2478"]
[PlyCount "56"]
[EventDate "2022.03.16"]
[EventType "swiss"]
[EventRounds "9"]
[EventCountry "ITA"]
[SourceTitle "CBM 207 Extra"]
[Source "ChessBase"]
[SourceDate "2022.05.31"]
[SourceVersion "1"]
[SourceVersionDate "2022.05.31"]
[SourceQuality "1"]

1. d4 d5 2. Nf3 Nf6 3. e3 Bf5 4. Bd3 e6 5. c4 c6 6. 0-0 Ne4 7. b3 Nd7 8. Qc2 Bg6 9. Bb2 Bd6 10. Nc3 f5 11. Ne1 Bh5 12. a4 Qe7 13. a5 a6 14. f4 g5 15. g3 gxf4 16. exf4 Rg8 17. Bxe4 dxe4 18. Ne2 Bxe2 19. Qxe2 0-0-0 20. Bc3 h5 21. Qxh5 Rg4 22. Qh3 Rdg8 23. Kf2 Bxf4 24. gxf4 Rh4 25. Qg3 Rxg3 26. hxg3 Rh2+ 27. Ng2 Qh7 28. Rg1 Qh5 0-1

[Event "Reinstorf op"]
[Site "Reinstorf"]
[Date "2022.02.03"]
[Round "6"]
[White "Borkhardt, Arndt"]
[Black "Koellner, Christof"]
[Result "0-1"]
[WhiteElo "1940"]
[BlackElo "2111"]
[PlyCount "94"]
[EventDate "2022.01.29"]
[EventType "swiss"]
[EventRounds "9"]
[EventCountry "GER"]
[SourceTitle "CBM 206 Extra"]
[Source "ChessBase"]
[SourceDate "2022.03.31"]
[SourceVersion "1"]
[SourceVersionDate "2022.03.31"]
[SourceQuality "1"]

1. e4 d6 2. d4 Nf6 3. Nc3 e5 4. Nf3 Nbd7 5. Bc4 Be7 6. 0-0 c6 7. a4 Qc7 8. Re1 h6 9. h3 Nf8 10. Qe2 g5 11. Ba2 Ng6 12. Qc4 Bd8 13. Be3 g4 14. hxg4 Nxg4 15. Rad1 Nxe3 16. fxe3 Qe7 17. b4 0-0 18. a5 Bg4 19. Rf1 Rc8 20. Rd2 Kg7 21. Qd3 f5 22. dxe5 fxe4 23. exd6 exd3 24. dxe7 Bxe7 25. Rxd3 Bxb4 26. Rd4 Bxc3 27. Rxg4 h5 28. Rg5 Kh6 29. Bc4 Rxf3 30. Rxg6+ Kxg6 31. Rxf3 Bxa5 32. Rf7 Rb8 33. Rd7 Bc3 34. e4 h4 35. Kf2 Be5 36. Re7 Bg3+ 37. Ke3 a5 38. e5 a4 39. Bf7+ Kf5 40. Ba2 Bxe5 41. Rf7+ Kg5 42. Ke4 Bf6 43. Rc7 Kg4 44. Rf7 Bb2 45. Rf3 Re8+ 46. Kd3 b5 47. c3 c5 0-1

[Event "Deizisau Autumn op 15th"]
[Site "Deizisau"]
[Date "2021.11.01"]
[Round "7"]
[White "Coellen, Florian"]
[Black "Koellner, Christof"]
[Result "0-1"]
[WhiteElo "1922"]
[BlackElo "2153"]
[PlyCount "104"]
[EventDate "2021.10.29"]
[EventType "swiss"]
[EventRounds "7"]
[EventCountry "GER"]
[SourceTitle "CBM 204 Extra"]
[Source "ChessBase"]
[SourceDate "2021.11.30"]
[SourceVersion "1"]
[SourceVersionDate "2021.11.30"]
[SourceQuality "1"]

1. d4 d6 2. c4 e5 3. d5 f5 4. Nc3 Nf6 5. g3 Be7 6. Bg2 0-0 7. e4 fxe4 8. Nxe4 Bf5 9. Nc3 Na6 10. Nge2 Nb4 11. 0-0 a5 12. h3 Qd7 13. Kh2 h6 14. f4 Bc2 15. Qd2 Bh7 16. Qd1 Rae8 17. a3 Nd3 18. Ra2 exf4 19. Nxf4 Nxf4 20. Bxf4 Bd8 21. b3 Ne4 22. Nxe4 Bxe4 23. Bd2 Bxg2 24. Kxg2 Rxf1 25. Qxf1 a4 26. b4 Bf6 27. Qd3 Qe7 28. Kf2 Qf7 29. Kg2 Qh5 30. Bf4 Be5 31. g4 Qf7 32. Bxe5 Rxe5 33. Re2 Qf4 34. Qf3 Qxc4 35. Rxe5 dxe5 36. d6 e4 37. Qf4 Qe2+ 38. Kg1 Qd1+ 39. Kg2 Qf3+ 40. Qxf3 exf3+ 41. Kxf3 cxd6 42. Ke4 Kf7 43. Kd5 Ke7 44. b5 g5 45. Kc4 Ke6 46. Kb4 Kd5 47. Kxa4 Kc5 48. Ka5 d5 49. a4 d4 50. b6 d3 51. h4 d2 52. hxg5 d1Q 0-1

[Event "Baden-Baden Swiss 1st"]
[Site "Baden-Baden"]
[Date "2021.09.14"]
[Round "9"]
[White "Koellner, Christof"]
[Black "Laux, Dominik"]
[Result "1/2-1/2"]
[WhiteElo "2156"]
[BlackElo "2162"]
[PlyCount "81"]
[EventDate "2021.09.09"]
[EventType "swiss"]
[EventRounds "9"]
[EventCountry "GER"]
[SourceTitle "EXT 2022"]
[Source "ChessBase"]
[SourceDate "2021.10.06"]
[SourceVersion "1"]
[SourceVersionDate "2021.10.06"]
[SourceQuality "1"]

1. d4 e6 2. Nf3 f5 3. Nc3 Nf6 4. Bg5 d5 5. a3 Be7 6. e3 0-0 7. Bf4 Bd7 8. Be2 c5 9. h3 Ne4 10. 0-0 Nxc3 11. bxc3 c4 12. Qc1 Ba4 13. Ne5 Na6 14. Qb2 Qc8 15. Qa2 Nc7 16. Rfb1 Nb5 17. Qb2 a6 18. f3 Qd8 19. Bg3 Bd6 20. Be1 Qe7 21. Ra2 g5 22. Bd2 Kh8 23. Bc1 Rg8 24. Qa1 Qg7 25. Rb4 g4 26. hxg4 fxg4 27. f4 Bxb4 28. axb4 Nd6 29. Rxa4 Ne4 30. b5 Raf8 31. Bxg4 h5 32. Ba3 Rf5 33. Bf3 axb5 34. Ra7 Qg3 35. Qf1 Rxe5 36. dxe5 Nd2 37. Qf2 Nxf3+ 38. Kf1 Nh2+ 39. Kg1 Nf3+ 40. Kf1 Nh2+ 41. Kg1 1/2-1/2

[Event "Baden-Baden Swiss 1st"]
[Site "Baden-Baden"]
[Date "2021.09.10"]
[Round "2"]
[White "Gut, Lionel"]
[Black "Koellner, Christof"]
[Result "0-1"]
[WhiteElo "1866"]
[BlackElo "2156"]
[PlyCount "110"]
[EventDate "2021.09.09"]
[EventType "swiss"]
[EventRounds "9"]
[EventCountry "GER"]
[SourceTitle "CBM 204 Extra"]
[Source "ChessBase"]
[SourceDate "2021.11.30"]
[SourceVersion "1"]
[SourceVersionDate "2021.11.30"]
[SourceQuality "1"]

1. d4 d6 2. c4 e5 3. Nc3 exd4 4. Qxd4 Nc6 5. Qd2 g6 6. b3 Bg7 7. Bb2 Nf6 8. g3 0-0 9. Bg2 Re8 10. Nh3 Bf5 11. 0-0 Ne4 12. Nxe4 Bxe4 13. Bxg7 Kxg7 14. Nf4 Bxg2 15. Kxg2 Re7 16. Nd5 Rd7 17. Rad1 Qe8 18. Qc3+ Qe5 19. Qf3 Re8 20. e3 f5 21. Qf4 Qe4+ 22. Qxe4 Rxe4 23. h4 a5 24. a3 Re8 25. b4 b6 26. b5 Nd8 27. h5 g5 28. g4 Rf8 29. gxf5 Rxf5 30. Rd4 Ne6 31. Rg4 Kh6 32. e4 Rf8 33. Rh1 Rdf7 34. Rf1 Kxh5 35. f3 Kg6 36. Rf2 Nf4+ 37. Nxf4+ Rxf4 38. Rxf4 Rxf4 39. Re2 g4 40. fxg4 Rxg4+ 41. Kf3 Rg5 42. Kf4 Kf6 43. Rh2 h5 44. Rd2 Rg4+ 45. Kf3 Rg1 46. Kf2 Rc1 47. Rd4 Ke5 48. Rd5+ Kxe4 49. Rxh5 Rxc4 50. Ke2 Rc2+ 51. Kd1 Rc5 52. Rh7 Kd3 53. a4 Kc3 54. Rh4 Kb3 55. Kd2 Rc4 0-1

[Event "Baden-Baden Swiss 1st"]
[Site "Baden-Baden"]
[Date "2021.09.10"]
[Round "3"]
[White "Koellner, Christof"]
[Black "Hommer, Jeremy"]
[Result "1-0"]
[WhiteElo "2156"]
[BlackElo "2278"]
[PlyCount "85"]
[EventDate "2021.09.09"]
[EventType "swiss"]
[EventRounds "9"]
[EventCountry "GER"]
[SourceTitle "CBM 204 Extra"]
[Source "ChessBase"]
[SourceDate "2021.11.30"]
[SourceVersion "1"]
[SourceVersionDate "2021.11.30"]
[SourceQuality "1"]

1. d4 e6 2. Nf3 Nf6 3. e3 d5 4. Bd3 c5 5. c3 Nc6 6. Nbd2 Bd6 7. 0-0 0-0 8. dxc5 Bxc5 9. b4 Bd6 10. Bb2 e5 11. e4 Bg4 12. h3 Bh5 13. exd5 Nxd5 14. Qc2 Bg6 15. Bxg6 hxg6 16. Ne4 f5 17. Qb3 fxe4 18. Qxd5+ Kh7 19. Qxe4 Rf4 20. Qd5 Qf6 21. Bc1 Rd8 22. Bxf4 Qxf4 23. Qd2 Qf5 24. Qe3 Bc7 25. Rad1 Bb6 26. Ng5+ Kh6 27. Nf7+ Kh7 28. Qf3 Qxf3 29. Ng5+ Kh6 30. Nxf3 Re8 31. Rd7 e4 32. Nh2 Ne5 33. Rxb7 Kg5 34. a4 Nd3 35. a5 Bxf2+ 36. Rxf2 e3 37. Re2 Nc1 38. Re1 Nd3 39. Nf3+ Kf4 40. Rf7+ Kg3 41. Rxg7 Nf4 42. Nd4 e2 43. Nxe2+ 1-0

[Event "Aarhus Chess House Summer"]
[Site "Aarhus"]
[Date "2021.07.28"]
[Round "3"]
[White "Koellner, Christof"]
[Black "Ramsdal, Jens Albert"]
[Result "0-1"]
[WhiteElo "2149"]
[BlackElo "2282"]
[PlyCount "104"]
[EventDate "2021.07.26"]
[EventType "swiss"]
[EventRounds "9"]
[EventCountry "DEN"]
[SourceTitle "CBM 203 Extra"]
[Source "ChessBase"]
[SourceDate "2021.09.30"]
[SourceVersion "1"]
[SourceVersionDate "2021.09.30"]
[SourceQuality "1"]

1. d4 e6 2. Nf3 Nf6 3. Bf4 b6 4. e3 Bb7 5. Nbd2 Be7 6. Bd3 Nh5 7. 0-0 d6 8. h3 Nxf4 9. exf4 0-0 10. Qe2 g6 11. Rfe1 Bf6 12. Be4 d5 13. Bd3 c5 14. c3 Nc6 15. Qe3 cxd4 16. cxd4 Nb4 17. a3 Nxd3 18. Qxd3 Qc7 19. Ne5 Rfc8 20. Rac1 Qxc1 21. Rxc1 Rxc1+ 22. Kh2 Rac8 23. Ng4 Bg7 24. Ne3 R1c7 25. Nf3 Bc6 26. Nd1 Ba4 27. Nc3 Bb3 28. Qe3 Bc4 29. Ne5 a6 30. Na4 Bb5 31. Nc3 Be8 32. Nd3 Rxc3 33. bxc3 Rxc3 34. Qd2 Rxa3 35. Ne5 Ra4 36. Nf3 Rc4 37. g4 Bd7 38. Ne5 Bxe5 39. fxe5 Rc8 40. h4 a5 41. h5 Be8 42. Kg3 a4 43. Kh4 a3 44. Kg5 Kg7 45. hxg6 h6+ 46. Kh4 Ra8 47. Qf4 a2 48. Qf6+ Kg8 49. gxf7+ Bxf7 50. Qxh6 a1Q 51. Kg5 Qb1 52. Kf6 Qg6+ 0-1

[Event "Aarhus Chess House Summer"]
[Site "Aarhus"]
[Date "2021.07.27"]
[Round "2"]
[White "Fries Nielsen, Jens Ove"]
[Black "Koellner, Christof"]
[Result "1-0"]
[WhiteElo "2359"]
[BlackElo "2149"]
[PlyCount "93"]
[EventDate "2021.07.26"]
[EventType "swiss"]
[EventRounds "9"]
[EventCountry "DEN"]
[SourceTitle "CBM 203 Extra"]
[Source "ChessBase"]
[SourceDate "2021.09.30"]
[SourceVersion "1"]
[SourceVersionDate "2021.09.30"]
[SourceQuality "1"]

1. d4 d6 2. Nc3 Nf6 3. h3 h6 4. g4 c6 5. e4 e5 6. Bg2 Be7 7. Nge2 Nbd7 8. Be3 b5 9. d5 Bb7 10. dxc6 Bxc6 11. Ng3 g6 12. Qd2 h5 13. g5 Nh7 14. h4 Nb6 15. b3 0-0 16. 0-0-0 b4 17. Nd5 Nxd5 18. exd5 Bd7 19. Be4 Qa5 20. Kb1 Rfb8 21. Rhg1 Rb6 22. Ne2 Ra6 23. Nc1 Bb5 24. Qe1 Rb8 25. f3 Nf8 26. Bd2 Be8 27. f4 Nd7 28. Bd3 Rab6 29. Rf1 Qxd5 30. Be3 Qa5 31. Bxb6 Nxb6 32. Be4 d5 33. Bg2 e4 34. f5 Bd7 35. fxg6 fxg6 36. Bxe4 dxe4 37. Qxe4 Bf5 38. Qxe7 Nd5 39. Rxf5 Nc3+ 40. Ka1 Qxf5 41. Rd7 Qxd7 42. Qxd7 Rf8 43. Qxa7 Rf1 44. Qb8+ Kf7 45. Qxb4 Rxc1+ 46. Kb2 Nd5 47. Qb7+ 1-0

[Event "GER Cup Net Final-A U2400"]
[Site "Playchess.com INT"]
[Date "2020.06.06"]
[Round "1"]
[White "Baskin, Robert"]
[Black "Koellner, Christof"]
[Result "1-0"]
[WhiteElo "2208"]
[BlackElo "2052"]
[PlyCount "163"]
[EventDate "2020.06.06"]
[EventType "swiss (blitz)"]
[EventRounds "13"]
[EventCountry "GER"]
[SourceTitle "CBM 197 Extra"]
[Source "ChessBase"]
[SourceDate "2020.09.30"]
[SourceVersion "1"]
[SourceVersionDate "2020.09.30"]
[SourceQuality "1"]

1. e4 d6 2. d4 Nf6 3. Nc3 e5 4. Nf3 Nbd7 5. Bc4 Be7 6. a4 0-0 7. 0-0 exd4 8. Nxd4 Ne5 9. Ba2 Nc6 10. Nxc6 bxc6 11. h3 Rb8 12. Qf3 Nd7 13. Qg3 Bf6 14. f4 Re8 15. a5 Ba6 16. Rd1 Bxc3 17. Qxc3 c5 18. e5 dxe5 19. fxe5 Qe7 20. Bf4 Rb4 21. Qg3 Rxb2 22. Bd5 Rb4 23. e6 fxe6 24. Bc6 Rd8 25. Bxd7 Rxd7 26. Be5 g6 27. Kh2 Rxd1 28. Rxd1 Bc4 29. Bxc7 Bd5 30. Be5 Rb7 31. Qf4 Qf7 32. Qh6 Qf8 33. Qe3 c4 34. Rd2 Rf7 35. c3 Rf5 36. Rd4 Qf7 37. Rg4 Rf1 38. Bd4 Qf5 39. Rg5 Qf7 40. Qe5 Kf8 41. Qb8+ Ke7 42. Qxa7+ Kd6 43. Qb6+ Kd7 44. Qa7+ Kc6 45. Qc5+ Kd7 46. Qb5+ Kd6 47. Be5+ Ke7 48. Qc5+ Ke8 49. Qc8+ Ke7 50. a6 Ra1 51. Qc7+ Ke8 52. Qc8+ Ke7 53. Qc5+ Ke8 54. Qb5+ Qd7 55. Qb8+ Kf7 56. Qh8 Qe7 57. Qxh7+ Ke8 58. Qxg6+ Kd7 59. Qg7 Rxa6 60. Qxe7+ Kxe7 61. h4 Kf7 62. h5 Ra8 63. Rg7+ Kf8 64. h6 Be4 65. h7 Bxh7 66. Rxh7 Ra2 67. Bd4 Re2 68. Rc7 e5 69. Bg1 Re4 70. Kg3 Ke8 71. Kf3 Rf4+ 72. Ke3 Rg4 73. Kf3 Rf4+ 74. Kg3 Re4 75. Rc5 Ke7 76. Kf3 Rf4+ 77. Ke3 Kd6 78. Rxe5 Rg4 79. Kf3 Kxe5 80. Kxg4 Ke4 81. Bd4 Kd3 82. Kf5 1-0

[Event "GER Cup Net Final-A U2400"]
[Site "Playchess.com INT"]
[Date "2020.06.06"]
[Round "9"]
[White "Brunke, Christian"]
[Black "Koellner, Christof"]
[Result "1/2-1/2"]
[WhiteElo "2104"]
[BlackElo "2052"]
[PlyCount "53"]
[EventDate "2020.06.06"]
[EventType "swiss (blitz)"]
[EventRounds "13"]
[EventCountry "GER"]
[SourceTitle "CBM 197 Extra"]
[Source "ChessBase"]
[SourceDate "2020.09.30"]
[SourceVersion "1"]
[SourceVersionDate "2020.09.30"]
[SourceQuality "1"]

1. e4 d6 2. d4 Nf6 3. Nc3 e5 4. dxe5 dxe5 5. Qxd8+ Kxd8 6. Bg5 c6 7. 0-0-0+ Ke8 8. f4 Be7 9. Nf3 Ng4 10. Bxe7 Kxe7 11. Rg1 exf4 12. Ne2 Be6 13. Nxf4 Nd7 14. h3 Nf2 15. Re1 Nf6 16. Nd2 Rhd8 17. e5 Nd5 18. Nxe6 fxe6 19. Bc4 b5 20. Bxd5 exd5 21. Re2 Rf8 22. Rf1 Ne4 23. Rxf8 Rxf8 24. Nxe4 dxe4 25. Kd2 Ke6 26. Rxe4 Rf2+ 27. Re2 1/2-1/2

[Event "GER Cup Net Final-A U2400"]
[Site "Playchess.com INT"]
[Date "2020.06.06"]
[Round "5"]
[White "Koellner, Christof"]
[Black "Braun, Georg"]
[Result "0-1"]
[WhiteElo "2052"]
[BlackElo "2120"]
[PlyCount "94"]
[EventDate "2020.06.06"]
[EventType "swiss (blitz)"]
[EventRounds "13"]
[EventCountry "GER"]
[SourceTitle "CBM 197 Extra"]
[Source "ChessBase"]
[SourceDate "2020.09.30"]
[SourceVersion "1"]
[SourceVersionDate "2020.09.30"]
[SourceQuality "1"]

1. d4 Nf6 2. Bg5 Ne4 3. Bf4 d6 4. e3 g5 5. Bg3 Bg7 6. Bd3 Nxg3 7. hxg3 h6 8. Nd2 c5 9. c3 Nc6 10. Qh5 Be6 11. Ngf3 Qb6 12. Nxg5 hxg5 13. Qxh8+ Bxh8 14. Rxh8+ Kd7 15. Rxa8 cxd4 16. exd4 Bd5 17. Bf5+ e6 18. Bh3 f5 19. g4 f4 20. Rh8 e5 21. Rh7+ Ke8 22. b4 exd4 23. c4 Nxb4 24. Kf1 Bf7 25. Ne4 Bxc4+ 26. Kg1 Kf8 27. Nf6 Qc6 28. Nd7+ Ke8 29. Nf6+ Kd8 30. Rd7+ Qxd7 31. Nxd7 Kxd7 32. g3 fxg3 33. fxg3 Nc2 34. Rc1 d3 35. Bf1 Ne3 36. Rxc4 Nxc4 37. Bxd3 Ne5 38. Be2 Kc6 39. Kf2 Kd5 40. Ke3 b6 41. Kd2 Kd4 42. Kc2 Ke3 43. Bd1 Kf2 44. Kc3 Kxg3 45. Kd4 Nxg4 46. Kd5 Ne3+ 47. Kxd6 Nxd1 0-1

[Event "GER Cup Net Final-A U2400"]
[Site "Playchess.com INT"]
[Date "2020.06.06"]
[Round "8"]
[White "Koellner, Christof"]
[Black "Loehr, Markus"]
[Result "1-0"]
[WhiteElo "2052"]
[BlackElo "2078"]
[PlyCount "103"]
[EventDate "2020.06.06"]
[EventType "swiss (blitz)"]
[EventRounds "13"]
[EventCountry "GER"]
[SourceTitle "CBM 197 Extra"]
[Source "ChessBase"]
[SourceDate "2020.09.30"]
[SourceVersion "1"]
[SourceVersionDate "2020.09.30"]
[SourceQuality "1"]

1. d4 Nf6 2. Bg5 e6 3. e4 h6 4. Bxf6 Qxf6 5. c3 d5 6. Nd2 c5 7. Ngf3 Nc6 8. Qe2 Be7 9. dxc5 0-0 10. Qe3 Bd7 11. Be2 Rac8 12. 0-0 Rfe8 13. b4 Ne5 14. Nxe5 Qxe5 15. a4 Bf6 16. Ra2 d4 17. cxd4 Qxd4 18. Qxd4 Bxd4 19. Nc4 Red8 20. Nd6 Rb8 21. a5 b6 22. cxb6 axb6 23. a6 Bc6 24. Nb5 Bxe4 25. a7 Rbc8 26. Bf3 Ba8 27. Bxa8 Rxa8 28. Nc7 b5 29. Nxa8 Rxa8 30. g3 Kf8 31. Kg2 Ke7 32. Rc1 Kd7 33. Rd1 e5 34. f4 f6 35. fxe5 fxe5 36. Kf3 Ke6 37. Ke4 g6 38. Ra6+ Kf7 39. Rf1+ Kg7 40. Rff6 Rxa7 41. Rxg6+ Kf7 42. Rxa7+ Bxa7 43. Rxh6 Bd4 44. g4 Kg7 45. Re6 Bc3 46. Rxe5 Bxb4 47. Rxb5 Be7 48. Rb6 Bh4 49. Kf5 Kf7 50. g5 Kg7 51. g6 Kh6 52. Rb7 1-0

[Event "GER Cup Net Final-A U2400"]
[Site "Playchess.com INT"]
[Date "2020.06.06"]
[Round "12"]
[White "Plischki, Sebastian"]
[Black "Koellner, Christof"]
[Result "1-0"]
[WhiteElo "2152"]
[BlackElo "2052"]
[PlyCount "103"]
[EventDate "2020.06.06"]
[EventType "swiss (blitz)"]
[EventRounds "13"]
[EventCountry "GER"]
[SourceTitle "CBM 197 Extra"]
[Source "ChessBase"]
[SourceDate "2020.09.30"]
[SourceVersion "1"]
[SourceVersionDate "2020.09.30"]
[SourceQuality "1"]

1. d4 d6 2. e4 Nf6 3. Nc3 e5 4. dxe5 dxe5 5. Qxd8+ Kxd8 6. Bc4 Be6 7. Bxe6 fxe6 8. f3 Bd6 9. Be3 Ke7 10. Nb1 Nbd7 11. Nd2 a6 12. Nh3 h6 13. Nf2 b5 14. c4 Bc5 15. Ke2 Bxe3 16. Kxe3 c5 17. Nd3 g5 18. Rhc1 b4 19. Nb3 Rhc8 20. a3 bxa3 21. Rxa3 Rab8 22. Nd2 Rb6 23. b3 Nh5 24. g3 Nhf6 25. Rca1 Rcc6 26. h4 g4 27. f4 exf4+ 28. gxf4 Nh5 29. e5 Ng7 30. Ne4 Nf5+ 31. Kf2 Nd4 32. Rb1 Nc2 33. Ra2 Nd4 34. Rab2 Kf7 35. h5 a5 36. Kg3 Rb8 37. Kxg4 Rcb6 38. Ndxc5 Nxc5 39. Nxc5 Rg8+ 40. Kh3 Nf5 41. Rg2 Rgb8 42. Rbg1 a4 43. bxa4 Rb4 44. Rg6 Rxc4 45. Nxe6 Rc3+ 46. Kg4 Ne3+ 47. Kf3 Nf5+ 48. Ke4 Re3+ 49. Kxf5 Rb4 50. Rf6+ Ke7 51. Rg7+ Ke8 52. Rf8# 1-0

[Event "GER Cup Net Final-A U2400"]
[Site "Playchess.com INT"]
[Date "2020.06.06"]
[Round "11"]
[White "Richter, Nils"]
[Black "Koellner, Christof"]
[Result "0-1"]
[WhiteElo "2100"]
[BlackElo "2052"]
[PlyCount "58"]
[EventDate "2020.06.06"]
[EventType "swiss (blitz)"]
[EventRounds "13"]
[EventCountry "GER"]
[SourceTitle "CBM 197 Extra"]
[Source "ChessBase"]
[SourceDate "2020.09.30"]
[SourceVersion "1"]
[SourceVersionDate "2020.09.30"]
[SourceQuality "1"]

1. c4 e5 2. Nc3 Nc6 3. Nf3 d6 4. g3 f5 5. d4 e4 6. Nh4 Be7 7. Ng2 Nf6 8. Bg5 0-0 9. e3 h6 10. Bxf6 Bxf6 11. Nf4 Bg5 12. h4 Bxf4 13. gxf4 Bd7 14. Be2 Kh8 15. Qd2 a6 16. 0-0-0 b5 17. Kb1 bxc4 18. Bxc4 a5 19. Rdg1 a4 20. Rg6 Ne7 21. Rg3 Rb8 22. Rhg1 d5 23. Nxd5 Nxd5 24. Bxd5 Bb5 25. Be6 Bd3+ 26. Ka1 Rb6 27. d5 a3 28. b3 Qf6+ 29. Qc3 Qxc3# 0-1

[Event "GER Cup Net V4 U2400"]
[Site "Playchess.com INT"]
[Date "2020.05.31"]
[Round "2"]
[White "Koellner, Christof"]
[Black "Schulz, Karsten"]
[Result "0-1"]
[WhiteElo "1985"]
[BlackElo "2308"]
[PlyCount "122"]
[EventDate "2020.05.31"]
[EventType "swiss (blitz)"]
[EventRounds "9"]
[EventCountry "GER"]
[SourceTitle "EXT 2021"]
[Source "ChessBase"]
[SourceDate "2020.10.23"]
[SourceVersion "1"]
[SourceVersionDate "2020.10.23"]
[SourceQuality "1"]

1. d4 g6 2. Nf3 Bg7 3. Nbd2 d6 4. e4 Nf6 5. Bc4 0-0 6. 0-0 Nc6 7. c3 e5 8. dxe5 Nxe5 9. Nxe5 dxe5 10. Qe2 c6 11. a4 Qe7 12. b4 Be6 13. Ba3 Rfd8 14. Rfd1 Rd7 15. b5 Qe8 16. a5 Bxc4 17. Qxc4 cxb5 18. Qxb5 a6 19. Qa4 Rad8 20. Qc2 Bf8 21. Bxf8 Qxf8 22. Nf3 Qc5 23. Rxd7 Rxd7 24. g3 Kg7 25. Kg2 Ng4 26. h3 Nh6 27. Rd1 Rxd1 28. Qxd1 Qxa5 29. Qd5 Qxd5 30. exd5 f6 31. c4 b6 32. Nd2 Nf7 33. Kf3 Nd6 34. Ke3 Kf7 35. Kd3 Ke7 36. f3 Kd7 37. g4 f5 38. g5 Nb7 39. Nb3 Nc5+ 40. Nxc5+ bxc5 41. Kc3 a5 42. Kd3 Kd6 43. Kc3 a4 44. Kd3 e4+ 45. fxe4 fxe4+ 46. Kxe4 a3 47. Kd3 a2 48. Kc2 a1Q 49. Kb3 Qd4 50. h4 Qxh4 51. Ka4 Qxc4+ 52. Ka5 Qb4+ 53. Ka6 c4 54. Ka7 c3 55. Ka6 c2 56. Ka7 Kxd5 57. Ka6 Ke5 58. Ka7 Kf5 59. Ka6 Kxg5 60. Ka7 c1Q 61. Ka6 Qa1# 0-1